Формулы и расчеты для бурения, добычи и капитального ремонта скважин: пер. с англ.

Sonraí bibleagrafaíochta
Príomhchruthaitheoir: Лайонз У. Уильям
Rannpháirtithe: Картер Т. Томас, Лапейруз Н. Дж. Нортон Дж.
Achoimre:Краткое справочное руководство для повседневных работ на буровой содержит пошаговые алгоритмы для решения от самых простых до весьма сложных рабочих ситуаций со всеми сопутствующими расчетами градиента давления, удельного веса, производительности насоса, скорости течения в кольцевом пространстве, коэффициента плавучести, объемов и числа ходов насоса, объема и удельного веса ванны для освобождения прихваченной колонны, конструкции бурильной колонны, цементирования, глубины каверны, объемной плотности бурового шлама и глубины прихвата.
Teanga:Rúisis
Foilsithe / Cruthaithe: Москва, Премиум Инжиниринг, 2013
Eagrán:3-е изд., перераб. и доп.
Sraith:Промышленный инжиниринг
Ábhair:
Formáid: LEABHAR
KOHA link:https://koha.lib.tpu.ru/cgi-bin/koha/opac-detail.pl?biblionumber=235296

MARC

LEADER 00000nam0a2200000 4500
001 235296
005 20231101231405.0
010 |a 9785903363285 
035 |a (RuTPU)RU\TPU\book\256427 
090 |a 235296 
100 |a 20130408d2013 km y0rusy50 ca 
101 1 |a rus  |c eng 
102 |a RU 
105 |a y g 001zy 
200 1 |a Формулы и расчеты для бурения, добычи и капитального ремонта скважин  |e пер. с англ.  |f У. Лайонз, Т. Картер, Н. Дж. Лапейруз 
205 |a 3-е изд., перераб. и доп. 
210 |a Москва  |c Премиум Инжиниринг  |d 2013 
215 |a 344 с. 
225 1 |a Промышленный инжиниринг 
320 |a Предметный указатель: с. 341-343. 
330 |a Краткое справочное руководство для повседневных работ на буровой содержит пошаговые алгоритмы для решения от самых простых до весьма сложных рабочих ситуаций со всеми сопутствующими расчетами градиента давления, удельного веса, производительности насоса, скорости течения в кольцевом пространстве, коэффициента плавучести, объемов и числа ходов насоса, объема и удельного веса ванны для освобождения прихваченной колонны, конструкции бурильной колонны, цементирования, глубины каверны, объемной плотности бурового шлама и глубины прихвата. 
606 1 |a Бурение  |x Расчеты  |2 stltpush  |3 (RuTPU)RU\TPU\subj\30237  |9 53369 
610 1 |a уравнения 
610 1 |a буровые растворы 
610 1 |a давление 
610 1 |a контроль 
610 1 |a инженерные расчеты 
610 1 |a рабочие ситуации 
610 1 |a пошаговые алгоритмы 
610 1 |a удельный вес 
610 1 |a насосы 
610 1 |a производительность 
610 1 |a кольцевое пространство 
610 1 |a течение 
610 1 |a скорость 
610 1 |a плавучесть 
610 1 |a бурильная колонна 
610 1 |a цементирование 
610 1 |a буровой шлам 
610 1 |a повседневные работы 
675 |a 622.24  |v 3 
700 1 |a Лайонз  |b У.  |g Уильям 
701 1 |a Картер  |b Т.  |g Томас 
701 1 |a Лапейруз  |b Н. Дж.  |g Нортон Дж. 
801 1 |a RU  |b 63413507  |c 20130408 
801 2 |a RU  |b 63413507  |c 20151105  |g RCR 
942 |c BK 
959 |a 67/20130408  |d 5  |e 0  |f ЧЗТЛ:1  |f АНЛ:1  |f УФ:3 
959 |a 27/20140217  |d 3  |e 3800,00  |f УФ:3